| 000 | 00587nam a2200217 i 4500 | ||
|---|---|---|---|
| 001 | bgj | ||
| 100 | 1 | _aMCEVEDY, Colin | |
| 245 | 1 | 0 |
_aThe Penguin Atlas of Ancient History / _cColin McEvedy ; John Woodcock. |
| 250 | _areprinted. | ||
| 260 |
_aMiddlesex, England : _bPenguin Books, _c1972. |
||
| 300 |
_a96 pp : _bmaps ; _c19 cm. |
||
| 505 | _aIncludes index. | ||
| 650 | 9 | _aGeography, Ancient | |
| 650 | 9 | _aHistory, Ancient | |
| 655 | _aMaps | ||
| 700 | 1 |
_aWOODCOCK, John. _eill. |
|
| 040 | _cBPK | ||
| 041 | 0 | _aeng | |
| 942 | _cKS | ||
| 008 | s uk f |000 0 eng | ||
| 999 |
_c48639 _d48639 |
||
| 856 |
_uhttp://koha.tu.koszalin.pl/cgi-bin/koha/opac-detail.pl?biblionumber=48639 _yKatalog online BPK |
||